Montagnes russes par images - Statistiques

Statistiques générales
  • Ce quiz a été pris 99 fois
  • Le résultat moyen est 11 sur 16
Statistiques - réponses
Par images Réponse % Correct
Goudurix (Parc Astérix)
95%
Blue Fire (Europa Park)
89%
Oziris (Parc Astérix)
89%
Red Force (Ferrari Land)
80%
Taron (Phantasialand)
80%
The Monster (Walygator Grand-Est)
78%
Dragon Khan (Port Aventura)
77%
The Smiler (Alton Towers)
77%
Black Mamba (Phantasialand)
72%
Hyperion (Energylandia)
70%
Kondaa (Walibi Belgium)
66%
Baron 1898 (Efteling)
64%
Expedition GeForce (Holiday Park)
63%
Lost Gravity (Walibi Holland)
49%
Raptor (Gardaland)
49%
Colossos (Heide Park)
28%
Aucun quiz correspondant
Distribution des résultats
% des personnes avec chaque résultat
Percentile par nombre de réponses
Votre historique - résultats
Vous n’avez pas pris ce quiz